Movie Kisses Quiz Stats

 Plays Quiz Updated May 16, 2012

Challenge
Share
Tweet
Score 0/20 Timer 05:00
0 Plays Today
% Correct
E.T.
99%
Shrek
99%
Titanic
98.6%
Avatar
97.1%
Spiderman
96.6%
Lady and the Tramp
95.4%
New Moon
93.7%
Planet of the Apes
86.3%
The Empire Strikes Back
77%
Gone With the Wind
71.1%
% Correct
Romeo + Juliet
68.5%
The Wedding Singer
67.5%
The Princess Bride
62.9%
Sixteen Candles
62.4%
Casablanca
58.6%
Superman II
56.2%
An Officer and a Gentleman
31.7%
On Golden Pond
31.5%
It's a Wonderful Life
31.1%
From Here to Eternity
26.4%

You're not logged in!

Compare scores with friends on all Sporcle quizzes.
Join for Free
OR
Log In

You Might Also Like...

Show Comments

Extras

Top Quizzes Today


Score Distribution

Your Account Isn't Verified!

In order to create a playlist on Sporcle, you need to verify the email address you used during registration. Go to your Sporcle Settings to finish the process.

Report this User

Report this user for behavior that violates our Community Guidelines.

Details: